Leitfaden zur Untersuchungshaft

Gespeichert in:  
Bibliographische Detailangaben
VerfasserInnen: Oetjen, Kerstin (Verfasst von) ; Endriß, Rainer 1945-2005 (Verfasst von)
Medienart: Druck Buch
Sprache:Deutsch
Englisch
Französisch
Italienisch
Spanisch
Albanisch
Arabisch
Veröffentlicht: Bonn Dt. Anwaltverl. 1999
In:Jahr: 1999
Bestand in Tübingen:In Tübingen vorhanden.
IFK: F IV 413
Bestand in Albert-Krebs Bibliothek:LQ.50.015
2015-287
Verfügbarkeit prüfen: HBZ Gateway
Subito Bestelldienst: Jetzt bestellen.
Schlagwörter:

MARC

LEADER 00000cam a2200000 c 4500
001 270966404
003 DE-627
005 20251129022140.0
007 tu
008 990628s1999 gw ||||| 00| ||ger c
015 |a 99,N28,0272  |2 dnb 
015 |a 99,A38,0524  |2 dnb 
016 7 |a 956587704  |2 DE-101 
020 |a 3824003546  |c  : DM 38.00, S 277.00, sfr 36.00 (kart.)  |9 3-8240-0354-6 
035 |a (DE-627)270966404 
035 |a (DE-576)078838851 
035 |a (DE-599)DNB956587704 
035 |a (OCoLC)75985002 
035 |a (OCoLC)75985002 
035 |a (DE-604)8126313431 
040 |a DE-627  |b ger  |c DE-627  |e rakwb 
041 |a ger  |a eng  |a fre  |a ita  |a spa  |a alb  |a ara 
044 |c XA-DE 
082 0 4 |a 19  |q dnb 
084 |a R 514,3  |2 sfb 
084 |a 19  |2 sdnb 
084 |a 2,1  |2 ssgn 
084 |a PH 4910  |2 rvk  |0 (DE-625)rvk/136161: 
084 |a 86.36  |2 bkl 
100 1 |8 1\p  |a Oetjen, Kerstin  |0 (DE-588)121135659  |0 (DE-627)705250334  |0 (DE-576)292554230  |4 aut 
109 |a Oetjen, Kerstin 
245 1 0 |a Leitfaden zur Untersuchungshaft  |c von Kerstin Oetjen und Rainer Endriß 
246 1 |i Parallelt.  |a Guide about detention 
246 1 |i Parallelt.  |a Guide pour la détention préventive 
246 3 3 |a Guide about detention 
246 3 3 |a Guide pour la détention préventive 
263 |a Erscheint: Juli 1999 ; brosch. : ca. DM 38.00, ca. S 277.00, ca. sfr 36.00 
264 1 |a Bonn  |b Dt. Anwaltverl.  |c 1999 
300 |a 187 S.  |c 21 cm 
336 |a Text  |b txt  |2 rdacontent 
337 |a ohne Hilfsmittel zu benutzen  |b n  |2 rdamedia 
338 |a Band  |b nc  |2 rdacarrier 
500 |a Parallelsacht.: Guide about detention. - Guide pour la détention préventive. - Text dt., engl., franz., ital., span., türk., alban., arab 
546 |a Text dt., engl., franz., ital., span., türk., alban., arab. 
583 1 |a Archivierung prüfen  |c 20240324  |f DE-4165  |z 1  |2 pdager 
650 4 |a Untersuchungshaft 
650 4 |a Leitfaden  |7 (dpeaa)DE-2619 
651 4 |a Deutschland 
689 0 0 |d g  |0 (DE-588)4011882-4  |0 (DE-627)104704861  |0 (DE-576)208896155  |a Deutschland  |2 gnd 
689 0 1 |d s  |0 (DE-588)4062032-3  |0 (DE-627)106133764  |0 (DE-576)209142146  |a Untersuchungshaft  |2 gnd 
689 0 |5 DE-101 
700 1 |a Endriß, Rainer  |d 1945-2005  |0 (DE-588)115524223  |0 (DE-627)077306058  |0 (DE-576)160863902  |4 aut 
883 |8 1\p  |a cgwrk  |d 20241001  |q DE-101  |u https://d-nb.info/provenance/plan#cgwrk 
935 |a mkri 
935 |i Blocktest 
936 r v |a PH 4910  |b Untersuchungshaft  |k Rechtswissenschaft  |k Strafrecht, Strafverfahrensrecht, Kriminologie  |k Strafverfahrensrecht  |k Zwangsmassnahmen und sonstige Eingriffsbefugnisse  |k Untersuchungshaft  |0 (DE-627)1272127168  |0 (DE-625)rvk/136161:  |0 (DE-576)202127168 
936 b k |a 86.36  |j Strafprozessrecht  |0 (DE-627)106413570 
951 |a BO 
ELC |b 1 
LOK |0 000 xxxxxcx a22 zn 4500 
LOK |0 001 3106156902 
LOK |0 003 DE-627 
LOK |0 004 270966404 
LOK |0 005 20020411000000 
LOK |0 008 011023||||||||||||||||ger||||||| 
LOK |0 040   |a DE-21-110  |c DE-627  |d DE-21-110 
LOK |0 852   |a DE-21-110 
LOK |0 852 1  |c F IV 413  |m p  |9 00 
LOK |0 935   |a k110 
LOK |0 936ln  |a 4.6.5 
LOK |0 938   |k p 
LOK |0 939   |a 23-10-01  |b l01 
LOK |0 000 xxxxxcx a22 zn 4500 
LOK |0 001 3106157178 
LOK |0 003 DE-627 
LOK |0 004 270966404 
LOK |0 005 19990727000000 
LOK |0 008 990727||||||||||||||||ger||||||| 
LOK |0 040   |a DE-Frei85  |c DE-627  |d DE-Frei85 
LOK |0 852   |a DE-Frei85 
LOK |0 852 1  |c bestellt  |m p  |9 00 
LOK |0 938   |k p 
LOK |0 939   |a 27-07-99  |b l01 
LOK |0 000 xxxxxcx a22 zn 4500 
LOK |0 001 4196260721 
LOK |0 003 DE-627 
LOK |0 004 270966404 
LOK |0 005 20221011150612 
LOK |0 008 221011||||||||||||||||ger||||||| 
LOK |0 035   |a (DE-2619)k02106 
LOK |0 040   |a DE-2619  |c DE-627  |d DE-2619 
LOK |0 092   |o n 
LOK |0 541   |e Bestand Albert-Krebs-Bibliothek: 2015-287 
LOK |0 852   |a DE-2619 
LOK |0 852 1  |c LQ.50.015  |m p  |9 00 
LOK |0 935   |a kreb 
LOK |0 938   |k p 
LOK |0 939   |a 11-10-22  |b l01 
ORI |a SA-MARC-krimdoka001.raw 
SIG |a IFK: F IV 413 
TIM |a 100019901003_100020261231  |b 1990-10-03 - 2026